000 00628nam a22002057a 4500
999 _c3594
_d3594
003 AR-CdUCM
008 190306b ||||| |||| 00| 0 spa d
040 _aMUNICIPALIDAD PROVINCIAL DEL CUSCO
_cBIBLIOTECA MUNICIPAL DEL CUSCO
082 _a861.42 /
_bS85
100 _aMiraval Suárez, Manuel
_911761
245 _aLa poesía en el Perú /
260 _aPerú :
_bTawantinsuyu ,
_c1959.
300 _a190 páginas
_c16.5 cm.
440 _aComprension del Perú
_n5
_911762
650 _aPoesia Peruana
_9280
650 _aPoesia Cronologica
_911763
650 _aPoesia Cusqueña
_92323
942 _2ddc
_cLIBROS
945 _artm